[Event "Tradewise Gibraltar Masters 14th"]
[Site "Gibraltar"]
[Date "2016.02.03"]
[Round "9.37"]
[White "Erdos, Viktor"]
[Black "Akesson, Ralf"]
[Result "1/2-1/2"]
[WhiteElo "2613"]
[BlackElo "2435"]
[PlyCount "103"]
[EventDate "2016.01.26"]
[EventType "swiss"]
[EventRounds "10"]
[EventCountry "GGB"]
[Source "www.saund.co.uk"]
[SourceDate "2005.02.07"]

1. c4 Nf6 2. Nc3 c5 3. Nf3 e6 4. g3 b6 5. Bg2 Bb7 6. O-O Be7 7. d4 cxd4 8. Qxd4
d6 9. Bg5 a6 10. Bxf6 Bxf6 11. Qf4 O-O 12. Rfd1 Be7 13. Ne4 Bxe4 14. Qxe4 Ra7
15. Nd4 Rc7 16. b3 Re8 17. e3 Bf8 18. a4 Nd7 19. Qb1 Qb8 20. Qa2 Rc5 21. b4 Rc7
22. b5 a5 23. Bc6 Rec8 24. Bxd7 Rxd7 25. Nc6 Rxc6 26. bxc6 Rc7 27. c5 bxc5 28.
Rab1 Qa8 29. Rb5 Qxc6 30. Qd2 Rc8 31. Rdb1 c4 32. Qxa5 Ra8 33. Qb6 Qxb6 34.
Rxb6 Rxa4 35. Rc6 Ra8 36. Rxc4 d5 37. Rc7 Bd6 38. Rd7 Be5 39. Rbb7 Rf8 40. f4
Bf6 41. g4 h6 42. Kg2 g6 43. Kg3 Kg7 44. Rbc7 h5 45. gxh5 gxh5 46. Kf3 Kg6 47.
Rc1 Bh4 48. Rc2 Rb8 49. Rc6 Bf6 50. f5+ Kxf5 51. Rxf7 Rb2 52. h3 1/2-1/2

[Event "Tradewise Gibraltar Masters 14th"]
[Site "Gibraltar"]
[Date "2016.02.03"]
[Round "9.38"]
[White "Donchenko, Alexander"]
[Black "Esserman, Marc"]
[Result "1-0"]
[WhiteElo "2570"]
[BlackElo "2419"]
[PlyCount "57"]
[EventDate "2016.01.26"]
[EventType "swiss"]
[EventRounds "10"]
[EventCountry "GGB"]
[Source "www.saund.co.uk"]
[SourceDate "2005.02.07"]

1. d4 d6 2. e4 Nf6 3. Nc3 e5 4. Nf3 Nbd7 5. Bc4 Be7 6. a4 a5 7. O-O O-O 8. h3
c6 9. Qe2 exd4 10. Nxd4 Nc5 11. Re1 Re8 12. Qf3 Qb6 13. Bg5 h6 14. Bf4 Ncd7 15.
Nf5 Ne5 16. Bxe5 dxe5 17. Bb3 Bxf5 18. exf5 Bb4 19. Ne4 Bxe1 20. Nxf6+ gxf6 21.
Rxe1 Kf8 22. Qh5 Qc7 23. Qxh6+ Ke7 24. Bxf7 Rf8 25. Be6 Qd6 26. Re3 Qd1+ 27.
Kh2 Rad8 28. Qh7+ Ke8 29. Rg3 1-0

[Event "Tradewise Gibraltar Masters 14th"]
[Site "Gibraltar"]
[Date "2016.02.03"]
[Round "9.39"]
[White "Salomon, Johan"]
[Black "Al-Sayed, Mohammed"]
[Result "1/2-1/2"]
[WhiteElo "2444"]
[BlackElo "2530"]
[PlyCount "81"]
[EventDate "2016.01.26"]
[EventType "swiss"]
[EventRounds "10"]
[EventCountry "GGB"]
[Source "www.saund.co.uk"]
[SourceDate "2005.02.07"]

1. d4 Nf6 2. c4 g6 3. Nc3 Bg7 4. e4 d6 5. Be2 O-O 6. Bg5 c5 7. d5 e6 8. Qd2
exd5 9. exd5 Qb6 10. Nf3 Bf5 11. Nh4 Ne4 12. Nxe4 Bxe4 13. f3 h6 14. Bxh6 Bxh6
15. Qxh6 Qxb2 16. Rc1 Re8 17. Qe3 Nd7 18. Qc3 Qxa2 19. Kf2 Bxf3 20. Qxf3 Ne5
21. Qe4 b5 22. cxb5 c4 23. Qc2 Qa3 24. Rhe1 Nd3+ 25. Bxd3 cxd3 26. Qd2 Rxe1 27.
Rxe1 Rc8 28. Kf1 Rc2 29. Qh6 Re2 30. Rxe2 dxe2+ 31. Kxe2 Qa2+ 32. Ke3 Qxd5 33.
Nf3 Qxb5 34. Qf4 Qb3+ 35. Kf2 a5 36. Qxd6 a4 37. Qd8+ Kg7 38. Qd4+ Kg8 39. Qd8+
Kg7 40. Qd4+ Kg8 41. Qd8+ 1/2-1/2

[Event "Tradewise Gibraltar Masters 14th"]
[Site "Gibraltar"]
[Date "2016.02.03"]
[Round "9.40"]
[White "Vishnu, Prasanna. V"]
[Black "Nagy, Gabor"]
[Result "1-0"]
[WhiteElo "2518"]
[BlackElo "2413"]
[PlyCount "113"]
[EventDate "2016.01.26"]
[EventType "swiss"]
[EventRounds "10"]
[EventCountry "GGB"]
[Source "www.saund.co.uk"]
[SourceDate "2005.02.07"]

1. e4 e5 2. Nf3 Nc6 3. Bb5 a6 4. Ba4 Nf6 5. O-O Be7 6. Re1 b5 7. Bb3 d6 8. a4
b4 9. d4 Bg4 10. dxe5 Nxe5 11. Nbd2 O-O 12. h3 Bh5 13. g4 Nxf3+ 14. Nxf3 Bg6
15. Nd4 Qd7 16. Nf5 Rae8 17. Bf4 Bd8 18. Qd4 Qc6 19. Bd5 Qxc2 20. Rac1 Qxa4 21.
Bc6 Qb3 22. Re3 Qa2 23. Qxb4 h5 24. Qd4 hxg4 25. hxg4 Re5 26. Bxe5 dxe5 27.
Qxe5 Bxf5 28. Ra3 Nxg4 29. Rxa2 Nxe5 30. exf5 Bf6 31. Be4 Rd8 32. Rxc7 Rd4 33.
Bc2 Rd2 34. Ra3 Ng4 35. Rh3 Nh6 36. Rb3 Kh7 37. Rc8 Ng4 38. Rh3+ Nh6 39. b3 a5
40. Rd3 Rxd3 41. Bxd3 Ng4 42. Kf1 Kh6 43. Be2 Kg5 44. Bxg4 Kxg4 45. Rc5 Bd8 46.
Rd5 Bb6 47. Rd7 Kxf5 48. Rxf7+ Kg6 49. Rb7 Bc5 50. Rb5 Bb4 51. Ke2 Kh6 52. Kf3
g6 53. Kg4 Be1 54. f4 Bd2 55. Rb6 Kg7 56. Kg5 Kf7 57. Rf6+ 1-0

[Event "Tradewise Gibraltar Masters 14th"]
[Site "Gibraltar"]
[Date "2016.02.03"]
[Round "9.42"]
[White "Harika, Dronavalli"]
[Black "Satyapragyan, Swayangsu"]
[Result "1/2-1/2"]
[WhiteElo "2511"]
[BlackElo "2410"]
[PlyCount "115"]
[EventDate "2016.01.26"]
[EventType "swiss"]
[EventRounds "10"]
[EventCountry "GGB"]
[Source "www.saund.co.uk"]
[SourceDate "2005.02.07"]

1. Nf3 c5 2. c4 Nc6 3. d4 cxd4 4. Nxd4 Qb6 5. Nb3 Nf6 6. Nc3 e6 7. a3 Be7 8. e4
O-O 9. Be3 Qd8 10. Be2 b6 11. f4 d6 12. O-O Bb7 13. Rc1 Rc8 14. Qd3 Qc7 15. Bf3
Qb8 16. Nd2 Rfe8 17. b4 Bf8 18. Nb3 Rcd8 19. Bf2 Ne7 20. Bh4 d5 21. cxd5 Qxf4
22. Bg3 Qg5 23. Qd2 Qxd2 24. Nxd2 Ng6 25. Nb5 exd5 26. exd5 Bxd5 27. Nc7 Re7
28. Nxd5 Nxd5 29. Nc4 Ne3 30. Rfe1 Nf5 31. Bf2 Nd4 32. Bxd4 Rxe1+ 33. Rxe1 Rxd4
34. Re4 Rxe4 35. Bxe4 a5 36. Nxb6 axb4 37. axb4 Bxb4 38. Nc4 Bc5+ 39. Kf1 Kf8
40. g3 Ke7 41. Bd5 f5 42. Bg8 Nf8 43. Kg2 Kf6 44. h4 g6 45. Bd5 Nd7 46. Bc6 Ke7
47. Kh3 Nf6 48. Bf3 Ke6 49. g4 fxg4+ 50. Bxg4+ Kd5 51. Nd2 Be3 52. Nf1 Bf4 53.
Bd1 Kd4 54. Ng3 Bxg3 55. Kxg3 Ke3 56. h5 g5 57. h6 Nd7 58. Bc2 1/2-1/2

[Event "Tradewise Gibraltar Masters 14th"]
[Site "Gibraltar"]
[Date "2016.02.03"]
[Round "9.43"]
[White "Anurag, Mhamal"]
[Black "Bai, Jinshi"]
[Result "0-1"]
[WhiteElo "2387"]
[BlackElo "2507"]
[PlyCount "68"]
[EventDate "2016.01.26"]
[EventType "swiss"]
[EventRounds "10"]
[EventCountry "GGB"]
[Source "www.saund.co.uk"]
[SourceDate "2005.02.07"]

1. d4 Nf6 2. c4 c6 3. Nf3 d5 4. Qb3 g6 5. cxd5 cxd5 6. e3 Bg7 7. Bb5+ Nc6 8.
Ne5 Bd7 9. Nc3 O-O 10. Nxd7 Qxd7 11. O-O Rac8 12. Bd2 a6 13. Bd3 b5 14. Ne2 e5
15. a4 Rb8 16. axb5 axb5 17. Rfc1 Rfd8 18. Rc2 Ne4 19. Bxe4 dxe4 20. Rac1 Rb6
21. Nc3 exd4 22. Na4 Rbb8 23. Nc5 Qe8 24. Na6 Rb6 25. Qa2 d3 26. Rc5 Ra8 27.
Nc7 Rxa2 28. Nxe8 Bxb2 29. Rd1 Be5 30. f4 Kf8 31. fxe5 Kxe8 32. Be1 b4 33. Rdc1
b3 34. Rxc6 Rxc6 0-1

[Event "Tradewise Gibraltar Masters 14th"]
[Site "Gibraltar"]
[Date "2016.02.03"]
[Round "9.44"]
[White "Khotenashvili, Bela"]
[Black "Martinez Martin, David"]
[Result "1-0"]
[WhiteElo "2502"]
[BlackElo "2407"]
[PlyCount "83"]
[EventDate "2016.01.26"]
[EventType "swiss"]
[EventRounds "10"]
[EventCountry "GGB"]
[Source "www.saund.co.uk"]
[SourceDate "2005.02.07"]

1. c4 Nf6 2. Nf3 g6 3. Nc3 Bg7 4. d4 O-O 5. e4 d6 6. h3 e5 7. d5 a5 8. Be2 Na6
9. Bg5 h6 10. Be3 Nd7 11. g4 Ndc5 12. Rg1 c6 13. h4 a4 14. h5 g5 15. Nd2 a3 16.
bxa3 Qa5 17. Qc1 Bxg4 18. Rxg4 f5 19. exf5 e4 20. Ncxe4 Nxe4 21. Rxe4 cxd5 22.
cxd5 Rac8 23. Qd1 Nc5 24. Rg4 Bxa1 25. Qxa1 Rxf5 26. Qb1 Rcf8 27. Qb4 Qc7 28.
Ne4 b6 29. Qd4 Qe7 30. Nxc5 bxc5 31. Qc3 Qe8 32. a4 Re5 33. a5 Rf4 34. Qd3 Qxh5
35. Rxf4 Qh1+ 36. Bf1 gxf4 37. Qg6+ Kh8 38. Qf6+ Kh7 39. Qf7+ Kh8 40. Qf6+ Kh7
41. Qxf4 Qxd5 42. Bc4 1-0

[Event "Tradewise Gibraltar Masters 14th"]
[Site "Gibraltar"]
[Date "2016.02.03"]
[Round "9.45"]
[White "Aravindh, Chithambaram Vr"]
[Black "Kuipers, Stefan"]
[Result "1/2-1/2"]
[WhiteElo "2500"]
[BlackElo "2399"]
[PlyCount "95"]
[EventDate "2016.01.26"]
[EventType "swiss"]
[EventRounds "10"]
[EventCountry "GGB"]
[Source "www.saund.co.uk"]
[SourceDate "2005.02.07"]

1. e4 d6 2. d4 Nf6 3. Nc3 e5 4. Nf3 Nbd7 5. g3 Be7 6. Bg2 O-O 7. O-O c6 8. a4
a5 9. Re1 Re8 10. h3 Bf8 11. b3 Qc7 12. Ba3 Rb8 13. Qd3 exd4 14. Nxd4 d5 15.
Bxf8 dxe4 16. Nxe4 Rxf8 17. Rad1 Ra8 18. Nf5 Nxe4 19. Qxe4 Nf6 20. Qe7 Qxe7 21.
Nxe7+ Kh8 22. Nxc8 Raxc8 23. Re7 Rb8 24. g4 h6 25. f4 Kg8 26. Re5 Ra8 27. Bf3
Rfe8 28. h4 Kf8 29. g5 Rxe5 30. fxe5 Ng8 31. Rd7 Rb8 32. e6 Ne7 33. Bg4 hxg5
34. hxg5 g6 35. Kf2 b5 36. Rd4 bxa4 37. Rxa4 Rb5 38. Rf4 Nf5 39. exf7 Kxf7 40.
Be2 Re5 41. Bd3 Ke6 42. Kf3 Re3+ 43. Kf2 Re5 44. Rg4 Kd6 45. Rg1 Ng7 46. Bxg6
Ne6 47. Rd1+ Kc5 48. Re1 1/2-1/2

[Event "Tradewise Gibraltar Masters 14th"]
[Site "Gibraltar"]
[Date "2016.02.03"]
[Round "9.46"]
[White "Gaponenko, Inna"]
[Black "Fodor, Tamas Jr"]
[Result "0-1"]
[WhiteElo "2393"]
[BlackElo "2500"]
[PlyCount "68"]
[EventDate "2016.01.26"]
[EventType "swiss"]
[EventRounds "10"]
[EventCountry "GGB"]
[Source "www.saund.co.uk"]
[SourceDate "2005.02.07"]

1. e4 e6 2. d4 d5 3. exd5 exd5 4. Nf3 Nf6 5. c4 Bb4+ 6. Nc3 Nc6 7. Be2 O-O 8.
O-O dxc4 9. Bxc4 Bg4 10. Be3 Qd6 11. Be2 Rad8 12. Rc1 Rfe8 13. Qa4 a6 14. Rfd1
Bxc3 15. Rxc3 Nd5 16. Ra3 Ncb4 17. Rc1 Nxe3 18. Rxe3 b5 19. Qa3 Bxf3 20. Bxf3
Qxd4 21. h3 Nd3 22. Rxe8+ Rxe8 23. Rd1 Qxf2+ 24. Kh2 Ne5 25. Bb7 Qe2 26. Rd5 c6
27. Rd4 h5 28. Qc3 Re6 29. Kh1 Qf1+ 30. Kh2 Qf2 31. Rd8+ Kh7 32. Qg3 Qxb2 33.
Bc8 Rf6 34. Kh1 Rf1+ 0-1

[Event "Tradewise Gibraltar Masters 14th"]
[Site "Gibraltar"]
[Date "2016.02.03"]
[Round "9.47"]
[White "Gunina, Valentina"]
[Black "Christiansen, Johan-Sebastian"]
[Result "1-0"]
[WhiteElo "2496"]
[BlackElo "2374"]
[PlyCount "87"]
[EventDate "2016.01.26"]
[EventType "swiss"]
[EventRounds "10"]
[EventCountry "GGB"]
[Source "www.saund.co.uk"]
[SourceDate "2005.02.07"]

1. d4 d5 2. c4 dxc4 3. e3 e5 4. Bxc4 exd4 5. exd4 Bd6 6. Nf3 Nf6 7. O-O O-O 8.
Nc3 Nc6 9. h3 h6 10. Qc2 Ne7 11. Ne5 c6 12. Bd2 Ned5 13. Rae1 Be6 14. Qc1 Re8
15. Bd3 Rc8 16. Na4 Nb4 17. Bc4 Bxe5 18. dxe5 Bxc4 19. Qxc4 Qxd2 20. Rd1 Qc2
21. Qxb4 Nd5 22. Qd4 Rcd8 23. Nc5 Nf4 24. Qxd8 Rxd8 25. Rxd8+ Kh7 26. Nd7 h5
27. Nf8+ Kh6 28. Re1 Nd3 29. Rf1 Nxe5 30. f4 Nc4 31. Re1 Qxb2 32. Rd7 Qb4 33.
Re3 Nd6 34. Re5 f6 35. Re6 Ne4 36. Kh2 Qe1 37. Rd3 Qb1 38. Re3 Nf2 39. R3e5
Qh1+ 40. Kg3 Qg1 41. Rg5 Nh1+ 42. Kh4 Qf2+ 43. g3 Qc2 44. Rxh5# 1-0

[Event "Tradewise Gibraltar Masters 14th"]
[Site "Gibraltar"]
[Date "2016.02.03"]
[Round "9.48"]
[White "Gara, Anita"]
[Black "Blomqvist, Erik"]
[Result "0-1"]
[WhiteElo "2339"]
[BlackElo "2492"]
[PlyCount "64"]
[EventDate "2016.01.26"]
[EventType "swiss"]
[EventRounds "10"]
[EventCountry "GGB"]
[Source "www.saund.co.uk"]
[SourceDate "2005.02.07"]

1. e4 c5 2. Nf3 e6 3. d4 cxd4 4. Nxd4 Nc6 5. Nc3 Qc7 6. Be3 Nf6 7. a3 Be7 8. f4
d6 9. Qf3 O-O 10. O-O-O Nxd4 11. Bxd4 Rd8 12. Be2 Bd7 13. Rhf1 Rac8 14. Qg3 g6
15. Bf3 b5 16. e5 Ne8 17. Qf2 d5 18. f5 gxf5 19. g4 Ng7 20. gxf5 Nxf5 21. Rg1+
Kh8 22. Bh5 Rf8 23. Kb1 Nxd4 24. Qxd4 f5 25. Qf4 Bf6 26. Bg6 Bxe5 27. Qh6 Bc6
28. Bh5 Bg7 29. Qxe6 d4 30. Ne2 d3 31. Rxd3 Bd5 32. Rc3 Bxe6 0-1

[Event "Tradewise Gibraltar Masters 14th"]
[Site "Gibraltar"]
[Date "2016.02.03"]
[Round "9.49"]
[White "Zhukova, Natalia"]
[Black "Herman, Matthew J"]
[Result "0-1"]
[WhiteElo "2484"]
[BlackElo "2370"]
[PlyCount "114"]
[EventDate "2016.01.26"]
[EventType "swiss"]
[EventRounds "10"]
[EventCountry "GGB"]
[Source "www.saund.co.uk"]
[SourceDate "2005.02.07"]

1. c4 e5 2. Nc3 Nc6 3. Nf3 Nf6 4. g3 g6 5. Bg2 Bg7 6. O-O O-O 7. d4 exd4 8.
Nxd4 Re8 9. Nc2 d6 10. e4 a6 11. b3 Rb8 12. Re1 b5 13. cxb5 axb5 14. Bb2 Nd7
15. Rb1 Nc5 16. Nd5 Bxb2 17. Rxb2 Ne5 18. Ncb4 c6 19. Ne3 Qa5 20. Qd2 Bh3 21.
Bh1 Qb6 22. Rc2 Re6 23. Rec1 Rbe8 24. Qd4 Ned7 25. Nxc6 Qxc6 26. b4 Rxe4 27.
Qd2 Qa6 28. bxc5 Nxc5 29. Bxe4 Nxe4 30. Qd4 Ng5 31. Qf4 Re5 32. g4 Qb7 33. Rc6
Kg7 34. f3 Qa7 35. R1c3 Qxa2 36. Qg3 Qa1+ 37. Kf2 Qb2+ 38. Rc2 Qd4 39. R6c3 b4
40. Rb3 f5 41. gxf5 Bxf5 42. Rc7+ Kf6 43. Kg2 Rxe3 44. Rxe3 Qxe3 45. Qxd6+ Ne6
46. Qe7+ Ke5 47. h4 h5 48. Rb7 Qd2+ 49. Kg3 Qe1+ 50. Kg2 Bd3 51. f4+ Kf5 52.
Rb5+ Bxb5 53. Qf7+ Kg4 54. Qxg6+ Kxh4 55. Qf6+ Kg4 56. Qg6+ Kxf4 57. Qf6+ Kg4
0-1

[Event "Tradewise Gibraltar Masters 14th"]
[Site "Gibraltar"]
[Date "2016.02.03"]
[Round "9.50"]
[White "Tarjan, James E"]
[Black "Paehtz, Thomas"]
[Result "1-0"]
[WhiteElo "2478"]
[BlackElo "2372"]
[PlyCount "109"]
[EventDate "2016.01.26"]
[EventType "swiss"]
[EventRounds "10"]
[EventCountry "GGB"]
[Source "www.saund.co.uk"]
[SourceDate "2005.02.07"]

1. c4 g6 2. g3 Bg7 3. Bg2 d6 4. Nc3 Nf6 5. e4 c5 6. Nge2 Nc6 7. d3 O-O 8. O-O
Bd7 9. h3 Ne8 10. Be3 Nd4 11. Qd2 Rb8 12. Rab1 Nc7 13. f4 b5 14. b4 bxc4 15.
bxc5 Nxe2+ 16. Nxe2 cxd3 17. Qxd3 Bb5 18. Qc2 dxc5 19. Rfd1 Qe8 20. Nc3 Ne6 21.
e5 Rb6 22. Nxb5 Rxb5 23. Qc4 Rxb1 24. Rxb1 Qd7 25. Rb7 Qd1+ 26. Kh2 Rd8 27.
Rxe7 Qd3 28. Qxd3 Rxd3 29. Bg1 h5 30. h4 Bf8 31. Rxa7 Rd2 32. Ra3 Kg7 33. Kh3
Rd1 34. Be3 Be7 35. Bf3 Ra1 36. Bd5 Nd4 37. Rc3 Nf5 38. Bf2 Rd1 39. Be4 Nh6 40.
Bxc5 Bxc5 41. Rxc5 Rd4 42. Bc2 Ng4 43. Bb3 Rd3 44. Rc7 Rd2 45. Rc2 Rd3 46. Bc4
Rd1 47. Re2 Rc1 48. Bb3 Rc3 49. Rc2 Rd3 50. Bc4 Rd1 51. Be2 Rh1+ 52. Kg2 Re1
53. Kf3 Nh2+ 54. Ke4 Rg1 55. Rc7 1-0

[Event "Tradewise Gibraltar Masters 14th"]
[Site "Gibraltar"]
[Date "2016.02.03"]
[Round "9.51"]
[White "Siva, Mahadevan"]
[Black "Lei, Tingjie"]
[Result "1/2-1/2"]
[WhiteElo "2370"]
[BlackElo "2474"]
[PlyCount "99"]
[EventDate "2016.01.26"]
[EventType "swiss"]
[EventRounds "10"]
[EventCountry "GGB"]
[Source "www.saund.co.uk"]
[SourceDate "2005.02.07"]

1. e4 e5 2. Nf3 Nf6 3. Nxe5 d6 4. Nf3 Nxe4 5. d4 d5 6. Bd3 Nc6 7. O-O Be7 8.
Nc3 Nxc3 9. bxc3 Bg4 10. Rb1 Rb8 11. h3 Bh5 12. Re1 O-O 13. Bf5 Bg6 14. Qd3 Qd6
15. Bxg6 hxg6 16. c4 dxc4 17. Qxc4 Bf6 18. c3 b6 19. Rb2 Na5 20. Qa4 c5 21.
Rbe2 Rfd8 22. Ba3 Qd7 23. Qxd7 Rxd7 24. dxc5 Nc4 25. Bc1 bxc5 26. Re8+ Rxe8 27.
Rxe8+ Kh7 28. Ng5+ Bxg5 29. Bxg5 f6 30. Bf4 g5 31. Bb8 Rb7 32. g4 Kg6 33. Bg3
Nb6 34. Bd6 Na4 35. Rc8 Nxc3 36. Bxc5 a5 37. Bf8 Ne2+ 38. Kh2 Nf4 39. Ba3 Rd7
40. Bc1 Rd3 41. Bxf4 gxf4 42. Rc2 a4 43. Rc4 Ra3 44. Rxf4 Rxa2 45. Kg3 Ra1 46.
h4 a3 47. Ra4 a2 48. Kf4 Kf7 49. Ra6 Kg6 50. f3 1/2-1/2

[Event "Tradewise Gibraltar Masters 14th"]
[Site "Gibraltar"]
[Date "2016.02.03"]
[Round "9.52"]
[White "Prasanna, Raghuram Rao"]
[Black "Weisbuch, Udi"]
[Result "1-0"]
[WhiteElo "2460"]
[BlackElo "2254"]
[PlyCount "109"]
[EventDate "2016.01.26"]
[EventType "swiss"]
[EventRounds "10"]
[EventCountry "GGB"]
[Source "www.saund.co.uk"]
[SourceDate "2005.02.07"]

1. d4 Nf6 2. c4 g6 3. g3 Bg7 4. Bg2 O-O 5. Nf3 d6 6. O-O c5 7. Nc3 Nc6 8. dxc5
dxc5 9. Be3 Qa5 10. Qb3 Ng4 11. Bd2 Nd4 12. Qd1 Nxf3+ 13. exf3 Ne5 14. Nd5 Qd8
15. Bg5 f6 16. Be3 e6 17. Nc3 Qa5 18. Qb3 f5 19. Rad1 Nc6 20. Qb5 a6 21. Qxc5
f4 22. Qxa5 Nxa5 23. Bc5 Re8 24. Ne4 Nxc4 25. b3 Ne5 26. gxf4 Nf7 27. Rfe1 b5
28. Ng5 Rb8 29. Bh3 e5 30. Bd7 Bxd7 31. Rxd7 Nxg5 32. fxg5 Rbc8 33. b4 Rcd8 34.
Red1 Rxd7 35. Rxd7 Bf8 36. Kf1 Rc8 37. Rd5 Re8 38. Ke2 Bxc5 39. bxc5 Kf7 40.
Ke3 b4 41. Ke4 a5 42. Rd7+ Ke6 43. Rd6+ Ke7 44. Kd5 Rf8 45. Re6+ Kd8 46. Rf6
Re8 47. Ra6 Kc7 48. Ra7+ Kb8 49. Rxh7 a4 50. c6 b3 51. axb3 a3 52. Rb7+ Ka8 53.
Rb4 Re7 54. Ra4+ Ra7 55. c7 1-0

[Event "Tradewise Gibraltar Masters 14th"]
[Site "Gibraltar"]
[Date "2016.02.03"]
[Round "9.53"]
[White "Tan, Justin"]
[Black "Mohota, Nisha"]
[Result "1-0"]
[WhiteElo "2446"]
[BlackElo "2245"]
[PlyCount "95"]
[EventDate "2016.01.26"]
[EventType "swiss"]
[EventRounds "10"]
[EventCountry "GGB"]
[Source "www.saund.co.uk"]
[SourceDate "2005.02.07"]

1. Nf3 d5 2. g3 c6 3. Bg2 Bg4 4. O-O e6 5. h3 Bh5 6. c4 Bd6 7. cxd5 Bxf3 8.
Bxf3 cxd5 9. Nc3 Nc6 10. e4 dxe4 11. Nxe4 Be7 12. Qa4 Rc8 13. b4 Kf8 14. Bb2
Nxb4 15. d4 Nd5 16. Rac1 Ra8 17. Rfe1 Ngf6 18. Nxf6 gxf6 19. Qb3 b6 20. Re2 Rg8
21. Bxd5 Qxd5 22. Qxd5 exd5 23. Rc7 Bb4 24. a3 Ba5 25. Ree7 Kg7 26. Rxf7+ Kg6
27. Rxh7 Rae8 28. Kg2 Re2 29. Bc1 Bd2 30. Kf3 Rxf2+ 31. Kxf2 Bxc1 32. Rhd7 Bxa3
33. Rxa7 Bb2 34. Rxd5 Rc8 35. h4 Rc4 36. Rad7 b5 37. Kf3 b4 38. Ke4 b3 39. Rb7
Rc3 40. Rdb5 Rxg3 41. h5+ Kh6 42. Rxb3 Bc3 43. Kd5 Be1 44. Rxg3 Bxg3 45. Rf7 f5
46. Rxf5 Kg7 47. Ke6 Kh6 48. d5 1-0

[Event "Tradewise Gibraltar Masters 14th"]
[Site "Gibraltar"]
[Date "2016.02.03"]
[Round "9.54"]
[White "Hommerson, Paul"]
[Black "Kelires, Andreas"]
[Result "0-1"]
[WhiteElo "2240"]
[BlackElo "2444"]
[PlyCount "62"]
[EventDate "2016.01.26"]
[EventType "swiss"]
[EventRounds "10"]
[EventCountry "GGB"]
[Source "www.saund.co.uk"]
[SourceDate "2005.02.07"]

1. e4 c5 2. Nf3 d6 3. d4 cxd4 4. Nxd4 Nf6 5. Nc3 a6 6. Be3 e5 7. Nb3 Be6 8. f3
Be7 9. Qd2 O-O 10. O-O-O a5 11. Bb5 Na6 12. Qe2 Qb8 13. g4 Rc8 14. g5 Ne8 15.
Bd2 Nec7 16. Ba4 Nb4 17. Kb1 Nxc2 18. Kxc2 b5 19. Nxb5 Nxb5+ 20. Kb1 Rc4 21.
Bxb5 Qxb5 22. Bc3 Qb6 23. Ka1 Ra4 24. Nc1 Bxa2 25. Nxa2 Qb3 26. Kb1 Qxa2+ 27.
Kc2 Rb8 28. h4 Rc4 29. Kd3 d5 30. Qc2 dxe4+ 31. fxe4 Rxc3+ 0-1

[Event "Tradewise Gibraltar Masters 14th"]
[Site "Gibraltar"]
[Date "2016.02.03"]
[Round "9.55"]
[White "Shachar, Ehud"]
[Black "Cramling, Pia"]
[Result "1/2-1/2"]
[WhiteElo "2353"]
[BlackElo "2523"]
[PlyCount "144"]
[EventDate "2016.01.26"]
[EventType "swiss"]
[EventRounds "10"]
[EventCountry "GGB"]
[Source "www.saund.co.uk"]
[SourceDate "2005.02.07"]

1. e4 c5 2. Nf3 e6 3. d3 Nc6 4. g3 d6 5. Bg2 Nf6 6. O-O Be7 7. Re1 O-O 8. c3
Bd7 9. a3 Rc8 10. Nbd2 b5 11. d4 cxd4 12. cxd4 Qc7 13. e5 dxe5 14. dxe5 Nd5 15.
Qe2 a5 16. h4 a4 17. Qe4 f5 18. exf6 Nxf6 19. Qe2 Bc5 20. Ne4 Nxe4 21. Qxe4
Qxg3 22. Be3 Bxe3 23. Rxe3 Qf4 24. Qxf4 Rxf4 25. Rd1 Be8 26. Rxe6 Bh5 27. Rc1
Bxf3 28. Bxf3 Rxf3 29. Rexc6 Rcf8 30. R1c2 h6 31. Kg2 R3f4 32. R6c5 Rxh4 33.
Rxb5 Rg4+ 34. Kh3 Rgf4 35. Kg3 Rf3+ 36. Kg2 R8f4 37. Ra5 Rb3 38. Rd2 Kf7 39.
Rd7+ Kg6 40. Rd6+ Kh7 41. Rd2 Rg4+ 42. Kh2 Rf3 43. Rc2 Rf6 44. Kh3 Rfg6 45. Ra6
R6g5 46. Ra5 Rxa5 47. Kxg4 Rg5+ 48. Kh3 Rb5 49. Kg2 Kg6 50. Rc4 Rxb2 51. Rxa4
Ra2 52. Kg3 Ra1 53. Rg4+ Kf6 54. Ra4 Rg1+ 55. Kh2 Rc1 56. Ra5 Rc3 57. Kg2 Kg6
58. a4 Ra3 59. Kh2 h5 60. Kg2 Kh6 61. Kh2 h4 62. Kg2 g5 63. Kh2 Ra2 64. Kg1 Kg6
65. Kf1 h3 66. Kg1 Ra3 67. f4 gxf4 68. Kh2 Rg3 69. Rb5 Kf6 70. a5 Ra3 71. Rh5
Kg6 72. Rb5 Kf6 1/2-1/2

[Event "Tradewise Gibraltar Masters 14th"]
[Site "Gibraltar"]
[Date "2016.02.03"]
[Round "9.56"]
[White "Vojinovic, Jovana"]
[Black "Sundararajan, Kidambi"]
[Result "1/2-1/2"]
[WhiteElo "2352"]
[BlackElo "2508"]
[PlyCount "80"]
[EventDate "2016.01.26"]
[EventType "swiss"]
[EventRounds "10"]
[EventCountry "GGB"]
[Source "www.saund.co.uk"]
[SourceDate "2005.02.07"]

1. c4 e6 2. Nc3 d5 3. cxd5 exd5 4. d4 c6 5. Nf3 Bf5 6. Bg5 Be7 7. Bxe7 Qxe7 8.
e3 Nf6 9. Bd3 Bxd3 10. Qxd3 O-O 11. Rb1 Nbd7 12. O-O Ne4 13. b4 a6 14. a4 Rfe8
15. Qc2 Nb6 16. Nxe4 Qxe4 17. Qa2 f5 18. Ne5 f4 19. a5 Nc8 20. Rbe1 Nd6 21. f3
Qf5 22. e4 Qe6 23. exd5 Qxd5 24. Qxd5+ cxd5 25. Nd3 g5 26. Re5 Nf7 27. Rxd5
Rad8 28. Rxd8 Rxd8 29. Nc5 Rxd4 30. Nxb7 Rxb4 31. Nc5 Rb5 32. Nxa6 Rxa5 33. Nb4
Nd6 34. Rd1 Nc4 35. Nd5 Kf7 36. Rc1 Nd6 37. Nc3 Rc5 38. Ne2 Rxc1+ 39. Nxc1 Ke6
40. g3 fxg3 1/2-1/2

[Event "Tradewise Gibraltar Masters 14th"]
[Site "Gibraltar"]
[Date "2016.02.03"]
[Round "9.57"]
[White "Arakhamia-Grant, Ketevan"]
[Black "Xu, Xiangyu"]
[Result "0-1"]
[WhiteElo "2346"]
[BlackElo "2466"]
[PlyCount "58"]
[EventDate "2016.01.26"]
[EventType "swiss"]
[EventRounds "10"]
[EventCountry "GGB"]
[Source "www.saund.co.uk"]
[SourceDate "2005.02.07"]

1. e4 c5 2. Nf3 d6 3. d4 cxd4 4. Nxd4 Nf6 5. Nc3 Bd7 6. Bg5 e6 7. Qd2 a6 8.
O-O-O Nc6 9. f4 h6 10. Bxf6 Qxf6 11. Nf3 Qd8 12. g4 Qc7 13. h4 O-O-O 14. g5 Kb8
15. Bh3 Be7 16. f5 Ne5 17. Nd4 Qc8 18. Rdg1 hxg5 19. hxg5 Rh5 20. g6 Rdh8 21.
Rg3 exf5 22. Nd5 Bh4 23. Rc3 Qd8 24. Kb1 Bg5 25. Qf2 fxe4 26. gxf7 Qf8 27. Nf5
Qxf7 28. Rd1 Rxh3 29. Rc7 Qxd5 0-1

[Event "Tradewise Gibraltar Masters 14th"]
[Site "Gibraltar"]
[Date "2016.02.03"]
[Round "9.58"]
[White "Stark, Lars"]
[Black "Tate, Alan"]
[Result "0-1"]
[WhiteElo "2440"]
[BlackElo "2345"]
[PlyCount "194"]
[EventDate "2016.01.26"]
[EventType "swiss"]
[EventRounds "10"]
[EventCountry "GGB"]
[Source "www.saund.co.uk"]
[SourceDate "2005.02.07"]

1. c4 c6 2. g3 d5 3. Nf3 Nf6 4. Bg2 Bg4 5. Ne5 Be6 6. cxd5 Bxd5 7. Nf3 c5 8.
Nc3 Bc6 9. O-O e6 10. d3 Be7 11. e4 O-O 12. Qe2 b5 13. Rd1 b4 14. Nb1 Bb5 15.
a4 Ba6 16. e5 Nd5 17. Nbd2 Nc6 18. Nc4 Na5 19. Nfd2 Nc6 20. Nb3 Qc7 21. h4 Rad8
22. a5 Kh8 23. h5 Rde8 24. Re1 h6 25. Qg4 Rd8 26. Bd2 Bb5 27. Qd1 Rfe8 28. Qe2
Bf8 29. Rad1 Rd7 30. g4 Red8 31. g5 Bxc4 32. dxc4 Nde7 33. gxh6 gxh6 34. Bf4
Nf5 35. Be4 Rxd1 36. Rxd1 Rxd1+ 37. Qxd1 Ncd4 38. Nxd4 Nxd4 39. Bb1 Qxa5 40.
Qd3 Nf5 41. Kh2 Qc7 42. Bg3 Bg7 43. f4 Qc6 44. Bf2 Kh7 45. b3 Bf8 46. Bh4 Qc7
47. Bf6 Qc6 48. Bd8 Qe8 49. Bf6 Qc6 50. Bc2 Kg8 51. Qd1 Ng7 52. Bb1 Qa6 53. Qc2
Nf5 54. Qg2+ Ng7 55. Qa8 Qa1 56. Qe4 Nf5 57. Qg2+ Ng7 58. Qe4 Nf5 59. Qg2+ Ng7
60. Bxg7 Bxg7 61. Qa8+ Bf8 62. Qe4 Bg7 63. Qh7+ Kf8 64. Qd3 Bxe5 65. fxe5 Qxe5+
66. Kg2 Qxh5 67. Qd6+ Kg7 68. Bd3 Qg5+ 69. Kf3 Kf6 70. Be2 Qf5+ 71. Kg2 Qg5+
72. Kf2 Qe5 73. Qf8 Qd4+ 74. Kg2 Qe3 75. Bf3 a5 76. Qd8+ Ke5 77. Qxa5 Kd4 78.
Qa1+ Kd3 79. Bd1 Qd2+ 80. Kf3 f5 81. Qb1+ Kd4 82. Bc2 Qe3+ 83. Kg2 Kc3 84. Bd1
Qd2+ 85. Kg1 Qb2 86. Qxb2+ Kxb2 87. Kf2 e5 88. Ke3 Kc3 89. Kf2 Kd2 90. Bh5 e4
91. Kf1 f4 92. Kf2 f3 93. Kf1 Ke3 94. Kg1 Kf4 95. Kf1 e3 96. Ke1 Kg3 97. Kf1
e2+ 0-1